Grzybobranie - Statystyki

Ogólne statystyki
  • Ten quiz został rozwiązany 61 razy
  • Średni wynik to 9 z 14
Statystyki odpowiedzi
Obrazkowy Odpowiedź % Poprawnych
Kurka
98%
Maślak
92%
Kania
90%
Muchomor Czerwony
86%
Podgrzybek
82%
Borowik szlachetny
80%
Rydz
76%
Muchomor Sromotnikowy
71%
Pieczarki
69%
Opieńki
51%
Borowik Ceglastopory
47%
Koźlarz Czerwony
41%
Gąska Zielona
22%
Czasznica Olbrzymia
20%
Nie znaleziono quizów pasujących do podanych kryteriów
Rozkład punktacji
Procent ludzi z każdym wynikiem
Percentyl według liczby udzielonych odpowiedzi
Twoja historia wyników
Nie rozwiązałeś tego quizu